Guide de Bruxelles XIXe et art nouveau / (Record no. 128262)
[ view plain ]
| 000 -LEADER | |
|---|---|
| campo de control de longitud fija | 00948nam a2200265 i 4500 |
| 001 - NÚMERO DE CONTROL | |
| campo de control | 128262 |
| 003 - IDENTIFICADOR DE NÚMERO DE CONTROL | |
| campo de control | ES-MaACL |
| 005 - FECHA Y HORA DE LA ÚLTIMA TRANSACCIÓN | |
| campo de control | 20230906193221.0 |
| 007 - CAMPO FIJO DE DESCRIPCIÓN FÍSICA--INFORMACIÓN GENERAL | |
| campo de control de longitud fija | t| |
| 008 - DATOS DE LONGITUD FIJA--INFORMACIÓN GENERAL | |
| campo de control de longitud fija | 070627s1985 be ||||1| fre d |
| 080 ## - NÚMERO DE LA CLASIFICACIÓN DECIMAL UNIVERSAL | |
| Número de la Clasificación Decimal Universal | 913(493.21 B.)(036) |
| 080 ## - NÚMERO DE LA CLASIFICACIÓN DECIMAL UNIVERSAL | |
| Número de la Clasificación Decimal Universal | 7(493.21 B.)(036) |
| 245 00 - MENCIÓN DEL TÍTULO | |
| Título | Guide de Bruxelles XIXe et art nouveau / |
| Mención de responsabilidad, etc. | sous la direction de Pierre Loze ; avec la collaboration de Dominique Vautier et Marina Festre ; et la contribution de Didier Collard ... [et. al.]. |
| 260 ## - PUBLICACIÓN, DISTRIBUCIÓN, ETC. | |
| Lugar de publicación, distribución, etc. | [Bruselas] : |
| Nombre del editor, distribuidor, etc. | Atelier Vokaer, |
| Fecha de publicación, distribución, etc. | [1985] |
| 300 ## - DESCRIPCIÓN FÍSICA | |
| Extensión | 314 p. : |
| Otras características físicas | il. ; |
| Dimensiones | 25 cm. |
| 500 ## - NOTA GENERAL | |
| Nota general | Biblioteca Jacinto Martínez Lacalle. |
| 504 ## - NOTA DE BIBLIOGRAFÍA, ETC. | |
| Nota de bibliografía, etc. | Bibliografía: 301-314. |
| 651 #4 - PUNTO DE ACCESO ADICIONAL DE MATERIA--NOMBRE GEOGRÁFICO | |
| Nombre geográfico | Bruselas- |
| Subdivisión de forma | Guías turísticas. |
| 9 (RLIN) | 7897 |
| 700 1# - ENTRADA AGREGADA--NOMBRE PERSONAL | |
| Nombre de persona | Loze, Pierre. |
| 9 (RLIN) | 74477 |
| 700 1# - ENTRADA AGREGADA--NOMBRE PERSONAL | |
| Nombre de persona | Vautier, Dominique. |
| 9 (RLIN) | 219170 |
| 700 1# - ENTRADA AGREGADA--NOMBRE PERSONAL | |
| Nombre de persona | Festre, Marina. |
| 9 (RLIN) | 50627 |
| 700 1# - ENTRADA AGREGADA--NOMBRE PERSONAL | |
| Nombre de persona | Collard, Didier. |
| 9 (RLIN) | 39675 |
| 852 ## - LOCALIZACIÓN | |
| Ubicación | ES-MaACL |
| Número de control de estantería | E-11701 |
| Sublocalización o colección | R.139897 |
| Estatus retirado | Estado de pérdida | Estado de daño | No para préstamo | Biblioteca de origen | Biblioteca actual | Ubicación en estantería | Fecha de adquisición | Fuente de adquisición | Total de préstamos | Signatura topográfica completa | Código de barras | Visto por última vez | Precio de reemplazo | Tipo de ítem Koha |
|---|---|---|---|---|---|---|---|---|---|---|---|---|---|---|
| Biblioteca del Ateneo de Madrid | Biblioteca del Ateneo de Madrid | Depósito 2 | 17/01/2008 | E-11701 | 1133588 | 23/02/2023 | 23/02/2023 | Libro impreso |
